History Quiz

Random History or Clickable Quiz

Obama's Election States Minefield Quiz Stats

Quiz not verified by Sporcle

Challenge
Share
Tweet
Embed
Score 0/26 Timer 06:00
0 Plays Today
% Correct
???
84.3%
???
79.8%
???
79.8%
???
78.6%
???
77.3%
???
76.2%
???
74.1%
???
73.9%
???
73%
???
71.4%
???
69.4%
???
68.3%
???
68.1%
% Correct
???
67.7%
???
67.3%
???
67.2%
???
67.2%
???
66.5%
???
66.2%
???
65.8%
???
64.7%
???
62.4%
???
60.5%
???
58.9%
???
56.2%
???
55.6%

You're not logged in!

Compare scores with friends on all Sporcle quizzes.
Sign Up with Email
OR
Log In

You Might Also Like...

Show Comments

Extras

Top Quizzes Today


Score Distribution

Your Account Isn't Verified!

In order to create a playlist on Sporcle, you need to verify the email address you used during registration. Go to your Sporcle Settings to finish the process.